| 000 | 00592nam a2200181 a 4500 | ||
|---|---|---|---|
| 005 | 20210223124711.0 | ||
| 008 | 020904s1996 mx r 000 0 spa d | ||
| 035 | _aUPN01000118890 | ||
| 049 | _aCG | ||
| 050 | 4 |
_aTX601 _bC4.7 |
|
| 100 | 1 | _aCenturión Hidalgo, Dora | |
| 245 | 1 | 0 |
_aRescate de tecnología alimentaria tradicional del Estado de Tabasco / _cDora Centurión Hidalgo , Judith Espinoza Moreno. |
| 260 |
_aVillahermosa : _bUJAT, _c1996. |
||
| 300 |
_a90 p. : _bil. col. |
||
| 650 | 4 |
_aALIMENTOS - _xPRESERVACION _92307 |
|
| 700 | 1 |
_aEspinoza Moreno, Judith, _ecoaut. |
|
| 905 | _aLibro | ||
| 999 |
_c91253 _d91253 |
||